000 00334nam a22001457a 4500
008 211014b ||||| |||| 00| 0 eng d
020 _a9780558651930
041 _aeng
080 _a621
082 _a621
100 _a26
101 _aMEK
245 _aModern Materials and Manufacturing Processes
_cBruce,R.G
942 _2udc
_cBK
999 _c58232
_d58232